Chainsaw Man Quiz - Statistics

General Stats
  • This quiz has been taken 1,087 times
  • The average score is 12 of 15
Answer Stats
Question Answer % Correct
Who threw up in Denji's mouth Himeno
94%
What does Makima want Denji to do for her in Season 1 Kill the Gun Devil
92%
Who's little brother was killed by the Gun Devil Aki
91%
Which devil did Denji defeat inside of the hotel Eternity Devil
91%
Who wrote Chainsaw Man Tatsuki Fujimoto
91%
What Devil kidnaps Meowy Bat Devil
90%
In Chainsaw Man Season 1, Makima dies and comes back to life, how did she die. She was shot in the head
90%
How many chainsaws is in Denji's iconic appearance 3
89%
Which character is contracted with the Ghost Devil Himeno
89%
What Devil asks for Aki's eye Future Devil
88%
What is the name of the Chainsaw Devil Pochita
85%
What Devil wanted Denji to kill them Eternity Devil
58%
When was Chainsaw Man Season 1 released 2022
55%
How many Devils is Aki contracted with 3
52%
What item keeps Denji faithful to Makima A lolipop
45%
No matching quizzes found
Score Distribution
Percent of People with Each Score
Percentile by Number Answered
Your Score History
You have not taken this quiz